| 000 | 00486nam a2200169Ia 4500 | ||
|---|---|---|---|
| 999 |
_c6436 _d6436 |
||
| 020 | _a9780195695135 | ||
| 082 | _aRR 920.008 PIO- | ||
| 245 | 0 | _aPioneering the human devlopment revolution: an intellectual biography of Mahbub Ul Haq | |
| 260 |
_aNew Delhi _bOxford University Press _c2008 |
||
| 300 | _axvi, 266 | ||
| 504 | _aincludes bibliography and index | ||
| 650 | _aBiography | ||
| 650 | _aMahbub Ul Huq | ||
| 700 | _aHaq, Mahbub Ul | ||
| 700 | _aPonzio, Richard | ||
| 942 | _cBK | ||